| 000 | 01043nam a2200229Ia 4500 | ||
|---|---|---|---|
| 999 |
_c38128 _d38128 |
||
| 001 | 4118 | ||
| 003 | GE_BSU | ||
| 005 | 20190925163455.0 | ||
| 008 | 181216s1986||||ge |||||||||||||| ||geo|| | ||
| 040 | _cGE_BSU | ||
| 041 | _ageo | ||
| 080 | _a39(479.22) ფ–95 | ||
| 100 |
_aფრუიძე, ლევან _94321 |
||
| 245 |
_aრაჭა ეთნოგრაფიის თვალით / _cრედ. ვ. ითონიშვილი. |
||
| 264 |
_aთბ. : _bმეცნიერება, _c1986. |
||
| 300 |
_a62 გვ. ; _b21 სმ. |
||
| 653 | _aქართველების ეთნოგრაფია | ||
| 653 | _aრაჭა | ||
| 700 |
_aითონიშვილი, ვ. _eრედაქტორი _93884 |
||
| 710 |
_a საქ. სსრ მეცნ. აკად., საქ. სსრ მეცნ. აკად. პრეზ. არსებ. საქ. მთიანეთის კომპლექს. შესწავლის კომისია. _94323 |
||
| 942 |
_cBK _2udc |
||